| 000 | 00000nam##2200000za#4500 |
| 001 | 9.697915 |
| 003 | CaOODSP |
| 005 | 20210624235707 |
| 007 | cr ||||||||||| |
| 008 | 150407|1979||||xxc|||||o f|0| 0 eng|d |
| 040 | |aCaOODSP|beng |
| 043 | |an-cn--- |
| 086 | 1 |aA63-1660/1979E-PDF |
| 110 | 1 |aCanada.|bAgriculture Canada. |bLivestock Division. |
| 245 | 10|aFox farming in Canada / |h[electronic resource]|c[issued jointly by the] Livestock Division and Animal Pathology Division. |
| 260 | |aOttawa - Ontario : |bAgriculture Canada. |cc1979 (1980 print). |
| 300 | |a32p.|bfig., photographs |
| 500 | |aHistorical publication digitized by Agriculture and Agri-Food Canada. |
| 590 | |a13-17-Supp|b2013-07-25 |
| 690 | 07|aAgri-food industry|2gcpds |
| 690 | 07|aAnimal husbandry|2gcpds |
| 775 | 08|tL'élevage du renard au Canada / |w(CaOODSP)9.641509 |
| 856 | 40|ahttp://publications.gc.ca|qPDF|s1.68 MB|uhttps://publications.gc.ca/collections/collection_2013/aac-aafc/agrhist/A63-1660-1979-eng.pdf |
| 986 | |a1660 |